00635nam a2200169 a 450000500170000000800410001704000120005804100080007011000810007824500870015926000530024630000110029950000460031050500350035650500370039150500370042820200104041545.0130705b1997 ch ||||| |||| 00| 0 spa d cCO-BoIH aspa bInstituto de Investigación de Recursos Biológicos Alexander von Humboldt aInforme nacional sobre el estado de la biodiversidad 1997 ColombiabBibliografía aBogotábInstituto Alexander von Humboldtc1997 a134 p. aIncluye dos disquettes con bibliografía aVol. 1: Bibliografía inicial aVol. 2: Bibliografía comentada aVol. 3: Bibliografía comentada